<?xml version="1.0" encoding="UTF-8"?><?xml-stylesheet type="text/xsl" href="static/style.xsl"?><OAI-PMH xmlns="http://www.openarchives.org/OAI/2.0/" xmlns:xsi="http://www.w3.org/2001/XMLSchema-instance" xsi:schemaLocation="http://www.openarchives.org/OAI/2.0/ http://www.openarchives.org/OAI/2.0/OAI-PMH.xsd"><responseDate>2026-06-01T03:34:07Z</responseDate><request verb="GetRecord" identifier="oai:riuma.uma.es:10630/3600" metadataPrefix="marc">https://riuma.uma.es/rest/oai/request</request><GetRecord><record><header><identifier>oai:riuma.uma.es:10630/3600</identifier><datestamp>2026-02-03T12:48:48Z</datestamp><setSpec>com_10630_27</setSpec><setSpec>com_10630_3139</setSpec><setSpec>com_10630_10</setSpec><setSpec>col_10630_558</setSpec></header><metadata><record xmlns="http://www.loc.gov/MARC21/slim" xmlns:dcterms="http://purl.org/dc/terms/" xmlns:doc="http://www.lyncode.com/xoai" xmlns:xsi="http://www.w3.org/2001/XMLSchema-instance" xsi:schemaLocation="http://www.loc.gov/MARC21/slim http://www.loc.gov/standards/marcxml/schema/MARC21slim.xsd">
   <leader>00925njm 22002777a 4500</leader>
   <datafield ind2=" " ind1=" " tag="042">
      <subfield code="a">dc</subfield>
   </datafield>
   <datafield ind2=" " ind1=" " tag="720">
      <subfield code="a">Jiménez Martínez, María Nieves</subfield>
      <subfield code="e">author</subfield>
   </datafield>
   <datafield ind2=" " ind1=" " tag="720">
      <subfield code="a">Ros Espín, Rosa María</subfield>
      <subfield code="e">author</subfield>
   </datafield>
   <datafield ind2=" " ind1=" " tag="720">
      <subfield code="a">Guerra Montes, Juan</subfield>
      <subfield code="e">author</subfield>
   </datafield>
   <datafield ind2=" " ind1=" " tag="260">
      <subfield code="c">1986</subfield>
   </datafield>
   <datafield ind2=" " ind1=" " tag="520">
      <subfield code="a">Se realiza un estudio de la flora y vegetación briofítica de la vertiente septentrional de la Sierra del Calar del Mundo (SW de Albacete). Se aportan datos sobre la vegetación briofítica, estudiándose las comunidades y reconociéndose algunas de las asociaciones ya descritas en la Peninsula Ibérica. El catálogo presentado consta de 160 táxones, incluyendo 131 musgos y 29 hepáticas, con 83 nuevas citas para la provincia de Albacete, de las cuales 43 lo son también para el SE peninsular</subfield>
   </datafield>
   <datafield ind2=" " ind1=" " tag="520">
      <subfield code="a">Contribution to the bryophytic flora and vegetation from the North slope of the Sierra del Calar del Mundo (SW of Albacete, Spain). Bryophytic communities are studied. Some of them can be assignated to previously citated associations in the Iberian Peninsula. The catalogue presents 160 records: 131 mosses and 29 liverworts. It included 83 new for Albacete province and 43 for the SE of Spain.</subfield>
   </datafield>
   <datafield ind1="8" ind2=" " tag="024">
      <subfield code="a">02109506</subfield>
   </datafield>
   <datafield ind1="8" ind2=" " tag="024">
      <subfield code="a">http://hdl.handle.net/10630/3600</subfield>
   </datafield>
   <datafield ind2="0" ind1="0" tag="245">
      <subfield code="a">Flora y vegetación briofítica del sector noroccidental de la Sierra del Calar del Mundo (SW de Albacete, España)</subfield>
   </datafield>
</record>
</metadata></record></GetRecord></OAI-PMH>